000 00722nam a2200217 a 4500
003 OSt
005 20240226124336.0
008 180220t2012 pk | |||| 000 f urd d
020 _a9789693524789
040 _c0
082 _a891.4393
_bJAM 2012
100 1 0 _aجيمز،ہنری
_9121226
245 1 0 _aہمين چراغ ہمين پروانے
_cHenry James,tr.by Qurat-ul-Ain Haider
246 _aHamin Charagh Hamin Parwanay
260 _aLahore:
_bSang e Meel Pub;
_c2012.
300 _a376 p.
650 _aUrdu literature
_vNovel.
_9876
700 1 _aQurat Ul Ain Haider
_99475
942 _2ddc
_cBK
_aSADA
_k891.4393 JAM 2012
999 _c608181
_d608181